00357 2200157 4500001002100000005001500021035002000036245003900056100001500095300001200110260003100122082000800153084001400161990001200175990001200187INLIS00000000000202420250527085459 a0010-05250003161 aBelenggu Pintu Cinta /cChiung Yao0 aChiung Yao a336 hlm aJakarta :bGramedia,c1996 a813 a813 CHI b a0712488 a0712489